| 000 | 01016cam a2200301 a 4500 | ||
|---|---|---|---|
| 001 | 15275835 | ||
| 005 | 20150114154708.0 | ||
| 008 | 080424r20092014xxka frb2 f001 0 eng d | ||
| 010 | _a2008018927 | ||
| 020 | _a9780521871211 (hardback) | ||
| 020 | _a0521871212 (hardback) | ||
| 040 |
_aDLC _cDLC _dYDX _dYDXCP _dBTCTA _dBAKER _dBWK _dUKM _dCDX _dDLC _dEG-ScBUE |
||
| 082 | 0 | 0 |
_a660.294 _222 _bCUS |
| 100 | 1 |
_aCussler, E. L. _96328 |
|
| 245 | 1 | 0 |
_aDiffusion : _bmass transfer in fluid systems / _cE. L. Cussler. |
| 250 |
_a3rd ed., _breprinted. |
||
| 260 |
_aCambridge, United Kingdom ; _aNew York, United States : _bCambridge University Press, _c2009. |
||
| 300 |
_axxii, 631 p. : _bill. ; _c26 cm. |
||
| 500 | _aIndex : p. 626-631. | ||
| 500 | _aReprint of the 2009 ed. | ||
| 504 | _aIncludes bibliographical references. | ||
| 650 | 0 |
_aDiffusion _937174 |
|
| 650 | 0 |
_aMass transfer _94774 |
|
| 650 | 0 |
_aFluids _96331 |
|
| 653 |
_bENGCHE _cJanuary2015 |
||
| 655 |
_vreading book _934232 |
||
| 942 |
_2ddc _k660.294 CUS |
||
| 999 |
_c18881 _d18853 |
||